000
00217nam a22000857a 4500
001
1236296
005
20251001153605.0
245
_a
BENJAMİN ANNA'YI SEVİYOR
_c
PETER HARTLING
260
_b
GÜNIŞIĞI KİTAPLIĞI YAYINLARI
999
_c
1236296
_d
1236296